000 00902nam a22002657a 4500
001 84997
003 BD-RjUL
005 20250617142841.0
008 250617s2005 us a|||| e||| 00| 0 eng d
035 _a(BD-RjUL)84997
040 _aBD-RjUL
_beng
_cBD-RjUL
_dDLC
_eDLC
041 _aeng
082 _223
_a621.382
_bENC 2005
110 _bWiley Interscience
_eA John Wiley & Sons Inc, Publication
_915702
111 _c2004024581
_915703
245 _aEncyclopedia of re and Microwave Engineering /
_cEditor, Kai Chang
260 _aAmerica
_bLibrary of Congress Cataloging in publication
_c2005
300 _axvi, 892 page,
_billustrations,
_c28 ccm.
336 _2isbn 0-471-27053-9
504 _aBibliography note v-1 A-C,V-2 D-G, V-3 H-MI, V-4 Mi-P, V-5 Q-sq, V-6 St-z
505 _avolume-1, 2, 3, 4, 5, 6
650 _aEncyclopedia
700 _aChang, Kai, Editor
_915704
942 _2ddc
_cBK
999 _c84997
_d84997